000 00675nmm a2200277 a 4500
003 AR-BaBNM
005 20251128211426.0
008 294020s1998 ||||||||||||||000 | spa||
020 _a987-507-079-3
040 _cAR-BaBNM
100 1 _aSalerno, Marcelo Urbano
245 1 0 _aDerecho civil profundizado
260 _aBuenos Aires
_bCiudad Argentina
_c1998
300 _a377 p.
650 4 _aDERECHO CIVIL
650 4 _aOBLIGACIONES
650 4 _aCONTRATOS
650 4 _aPERSONA
650 4 _aRESPONSABILIDAD LEGAL
650 4 _aFAMILIA
650 4 _aLEGISLACION ARGENTINA
651 4 _aArgentina
653 _aMERCOSUR
942 _cBK
998 _cMariana
999 _c19636
_d19636